The Interaction Between Steel and Reinforced Concrete in the Underground Steel-Reinforced Concrete Tanks

Bibliographic Details
Main Author: Bakeš, J. (Author)
Format: Article
Language:English
Slovak
Subjects:

MARC

LEADER 00000nab a2200000 a 4500
001 vtls000419092
003 SK-MaSNL
005 20260319075325.0
008 120925c1987 xo 0 eng
015 |a SNBRA19rr/mm-uuuuu 
035 |a CL0419220 
040 |a SNKBUCL  |b slo  |c SNKBUCL  |e AACR2 
041 0 |a slo 
044 |a xo  |c SK 
080 |a 624.016:628.132  |2 1981 
080 |a 628.132  |2 1981 
080 |a 624.953  |2 1981 
100 1 |a Bakeš, J.  |4 aut  |9 971174 
245 1 4 |a The Interaction Between Steel and Reinforced Concrete in the Underground Steel-Reinforced Concrete Tanks  |c J. Bakeš 
300 |b Obr. 5. 
650 0 7 |a nádrže podzemné  |2 snkbucl  |9 971175 
650 0 7 |a konštrukcie spriahnuté oceľobetónové  |2 snkbucl  |9 962361 
655 7 |a články zo zborníkov  |2 snkbucl  |9 166140 
773 0 |t Spriahnuté oceľobetónové konštrukcie. 3. diel  |d Bratislava : Dom techniky ČSVTS, 1987  |g S. 103-110 
850 |a Slovenská národná knižnica v Martine  |a MTA001 
852 |a SNK  |b KIS3GCP 
958 |a RK 
992 |a RZB 
999 |c 1552921  |d 1554851